<A> theoretical justification for Japanese nemawashi (ringi group decision making and an implementation of a nemawashi) ringi group decision system.

Snahy nájsť teoretický rámec, ktorý by vysvetlil úspechy japonského podnikania. Analýza princípu skupinového rozhodovania nemawashi, pri ktorom je koordinátor zodpovedný za to, aby skupina našla konsenzus. Aplikáciou Arrowovej vety dostávame vysvetlenie, prečo tento mechanizmus funguje. Návrh archit...

Full description

Saved in:
Bibliographic Details
Main Author: Wolfe, M.D
Format: Book Chapter
Language:English
Subjects:
Tags: Add Tag
No Tags, Be the first to tag this record!

MARC

LEADER 00000naa a2200000 4500
001 r009979
005 20221130112714.4
041 0 |a eng 
044 |a NL 
245 1 0 |a <A> theoretical justification for Japanese nemawashi (ringi group decision making and an implementation of a nemawashi) ringi group decision system.  |c M.D. Wolfe 
520 |a Snahy nájsť teoretický rámec, ktorý by vysvetlil úspechy japonského podnikania. Analýza princípu skupinového rozhodovania nemawashi, pri ktorom je koordinátor zodpovedný za to, aby skupina našla konsenzus. Aplikáciou Arrowovej vety dostávame vysvetlenie, prečo tento mechanizmus funguje. Návrh architektúry systému pre podporu takéhoto rozhodovania. 
610 2 0 |a rozhodovanie 
610 2 0 |a firmy 
610 2 0 |a Japonsko 
610 2 0 |a DSS 
610 2 0 |a nemawashi 
610 2 0 |a ringi 
610 2 0 |a podnikanie 
100 1 |a Wolfe, M.D.